00376cam a22001217a 4500008004000000082001200040245009600052260003700148300001000185650001600195650002500211650001800236180718b1997 xxu||||| |||| 00| 0 eng d aT39 G51 aGlobalisation of capital: an outline of recent changes in the modus operandi of imperialism aPatialabRajwant Pal Singhc1997 a261p. aInvestments aInvestments, Foreign aGlobalization